000 00725nam a22002890a 4500
001 PT135
003 AR-LpoUNG
005 20210131233253.0
008 191001s1994||||sp |||||||||||||||||spa d
020 _a8476351186
_c$10
040 _aAR-LpoUNG
_bspa
_cAR-LpoUNG
_eaacr
041 _aspa
044 _asp
082 0 _a415 473
100 1 _aAlvarez, Miriam
245 1 0 _aTipos de escritos I :
_bnarración y descripción
250 _a2da. ed.
260 _aMadrid :
_bArco,
_c1994.
300 _a62 p. :
_bgráfs.
650 4 _aGRAMATICA
650 4 _aLINGÜISTICA
650 4 _aSINTAXIS
651 4 _aDOCUMENTOS TEORICOS O METODOLOGICOS
653 _aANALISIS SINTACTICO
905 _a135
942 _cLIB
999 _c19817
_d19817